Plata quemada /

Guardado en:
Autor Principal: Piglia, Ricardo
Formato: Libro
Publicado: Buenos Aires : Planeta, 1997
Edición:2a. ed.
Materias:
Etiquetas: Agregar Etiqueta
Sin Etiquetas, Sea el primero en etiquetar este registro!
LEADER 00620nam a22002295a 4500
001 CEM.cems009550
005 20101213103612.0
008 130507s1997##################000#0#####d
003 CEMS
020 |a 9507428828 
082 0 4 |a A863.4 
100 1 |a Piglia, Ricardo 
245 1 0 |a Plata quemada /  |c Ricardo Piglia 
250 |a 2a. ed. 
260 |a Buenos Aires :  |b Planeta,  |c 1997 
300 |a 252 p. 
500 |a Premio Planeta 1997 
653 |a Literatura 
653 |a Literatura argentina 
653 |a Novela argentina-siglo 20 
653 |a Novelas 
859 |a CEMS  |b BIB. CEMS - 11 de abril  |h A863.4  |i P625-2  |p 19352.97  |t Ej.1